Geology of the Pemichigamau Lake area (East half) : 64B/6 Granville Lake Mining Division, Manitoba /

Bibliographic Details
Main Author: Pearse, G.
Format: Book
Language:English
Published: Winnipeg, [publisher not identified] ; 1964.
Series:Publication (Manitoba. Department of Mines, Resources and Environmental Management. Mines Branch) ; 61-3.
Subjects:

MARC

Tag First Indicator Second Indicator Subfields
LEADER 00000cam a2200000 i 4500
001 in00000094020
005 20150927070242.0
008 781108s1964 mbcb b s00010 eng d
035 |a (OCoLC)04357395 
035 |9 AAL5873AM 
040 |a GZE  |c GZE  |d TXA  |d UtOrBLW 
049 |a TXAM  |c [920941] 
090 |a TN27.M3  |b A33 no. 61-3 
100 1 |a Pearse, G. 
245 1 0 |a Geology of the Pemichigamau Lake area (East half) :  |b 64B/6 Granville Lake Mining Division, Manitoba /  |c by G. Pearse. 
264 1 |a Winnipeg,  |b [publisher not identified] ;  |c 1964. 
300 |a iii, 16 pages :  |b map (folded in pocket) ;  |c 25 cm. 
336 |a text  |b txt  |2 rdacontent 
337 |a unmediated  |b n  |2 rdamedia 
338 |a volume  |b nc  |2 rdacarrier 
490 1 |a Manitoba. Dept. of Mines and Natural Resorces. Mines Branch. Publication ;  |v 61-3 
504 |a Bibliography: page 16. 
650 0 |a Geology  |z Manitoba  |z Pemichigamau Lake Region. 
830 0 |a Publication (Manitoba. Department of Mines, Resources and Environmental Management. Mines Branch) ;  |v 61-3. 
999 |a MARS 
999 f f |s e8b915d9-13fc-36d9-9672-892ef8710645  |i 3d6eb242-a246-3f87-b3ed-3632acff3393  |t 0 
952 f f |p ric  |a Texas A&M University  |b Rellis Campus  |c Joint Library Facility  |d Remote Storage  |t 0  |e TN27.M3 A33 no. 61-3  |h Library of Congress classification  |i unmediated -- volume  |m A14805568717 
998 f f |a TN27.M3 A33 no. 61-3  |t 0  |l Remote Storage